000
00282nam a2200121Ia 4500
008
240624s9999 xx 000 0 und d
041
_a
eng
082
_a
658.7 HAN
100
_a
HANDFIELD ROBERT B
245
_a
SUPPLY CHAIN REDESIGN TRANSFORMING SUPPL
260
_c
2003
365
_c
RS
999
_c
503
_d
503